| 000 | 00465nam a22001577a 4500 | ||
|---|---|---|---|
| 999 |
_c18045 _d18045 |
||
| 008 | 191123b xxu||||| |||| 00| 0 eng d | ||
| 020 | _a9966364498 | ||
| 040 |
_aKABU _cKABU |
||
| 050 |
_aHN49 _b.O54 2009 c. 1 |
||
| 100 | _aOng'ang'a, Hudson M. | ||
| 245 |
_aCommunity development _cHudson M. Ong'ang'a |
||
| 260 |
_aNairobi, Kenya _bLonghorn Publishers (K) Ltd _c2009 |
||
| 300 | _a(ix), 94 p. | ||
| 650 | _aCommunity development | ||
| 942 |
_2lcc _cBK _hHN49 |
||